Cromatografia en papel y en capa delgada /
Guardado en:
| Autor Principal: | |
|---|---|
| Autor Corporativo: | |
| Formato: | Libro |
| Idioma: | Spanish |
| Publicado: |
Washington, D.C. :
Secretaría General de la Organización de los Estados Americanos, Programa Regional de Desarrollo Científico y Tecnológico,
c1975.
|
| Series: | Serie de química ;
monografia nº 16 |
| Materias: | |
| Etiquetas: |
Agregar Etiqueta
Sin Etiquetas, Sea el primero en etiquetar este registro!
|
| LEADER | 00952nam a22002055a 4500 | ||
|---|---|---|---|
| 001 | EIQ.libpla003064 | ||
| 008 | 071011s1975####dcua#####b###i000#0#spa#d | ||
| 005 | 20071011182328.0 | ||
| 245 | 1 | 0 | |a Cromatografia en papel y en capa delgada / |c por Xorge Alejandro Dominguez S. |
| 260 | |a Washington, D.C. : |b Secretaría General de la Organización de los Estados Americanos, Programa Regional de Desarrollo Científico y Tecnológico, |c c1975. | ||
| 300 | |a v, 80 p. : |b il. ; |c 23 cm. | ||
| 440 | 0 | |a Serie de química ; |v monografia nº 16 | |
| 504 | |a Bibliografía: p. 71-75. | ||
| 020 | |a 0827014503 | ||
| 100 | 1 | |a Dominguez, Xorge A. |q (Xorge Alejandro) | |
| 710 | 1 | |a Organización de los Estados Americanos (OEA). |b Programa Regional de Desarrollo Científico y Tecnológico. | |
| 650 | 4 | |a Cromatografía |x método y técnica. | |
| 650 | 4 | |a Chromatography |x Method and technique. | |
| 040 | |a AR-BbSID |b spa |d AR-BbSID | ||
| 859 | |a AR-BbSID |b BIB. PLAPIQUI |h 544.925 |i D 71 |p 5255 | ||
